[Event "Ceske Budejovice op"]
[Site "Ceske Budejovice"]
[Date "2021.07.09"]
[Round "9"]
[White "Kiani, Kiarash"]
[Black "Hosticka, Frantisek"]
[Result "1-0"]
[WhiteElo "1988"]
[BlackElo "2098"]
[PlyCount "137"]
[EventDate "2021.07.01"]
[EventType "swiss"]
[EventRounds "9"]
[EventCountry "CZE"]
[SourceTitle "CBM 203 Extra"]
[Source "ChessBase"]
[SourceDate "2021.09.30"]
[SourceVersion "1"]
[SourceVersionDate "2021.09.30"]
[SourceQuality "1"]

1. Nf3 b5 2. e3 a6 3. b3 Nf6 4. Bb2 e6 5. c4 b4 6. d4 Bb7 7. Nbd2 c5 8. Bd3 Be7 9. Qe2 d6 10. 0-0 0-0 11. dxc5 dxc5 12. e4 Qc7 13. e5 Nfd7 14. Ne4 Rd8 15. Rad1 Nf8 16. Qe3 Nbd7 17. Neg5 h6 18. Nh3 Ng6 19. Bxg6 fxg6 20. Nf4 Nf8 21. h4 Qc6 22. Nh3 a5 23. Qf4 Qe4 24. Rfe1 Qxf4 25. Nxf4 Bxf3 26. gxf3 Bxh4 27. Rd6 Kf7 28. Bc1 Be7 29. Rc6 g5 30. Nh5 Rdc8 31. Rb6 Rc7 32. f4 gxf4 33. Nxf4 a4 34. Nd5 Rd7 35. Nxe7 Kxe7 36. Be3 Rc7 37. Rd1 Nd7 38. Rb5 axb3 39. axb3 Ra3 40. Rb1 g5 41. Kg2 Ra8 42. Rh1 Rh8 43. Bxg5+ Kf7 44. Be3 Kg6 45. f4 Ra8 46. Rd1 Ra3 47. Rd3 Kf5 48. Kf3 Ra2 49. Bf2 Ra3 50. Bh4 Nf8 51. Rb8 Ng6 52. Bf2 Rf7 53. Bxc5 Nxf4 54. Bxb4 Ra1 55. Rd4 Rf1+ 56. Ke3 Ng2+ 57. Kd3 Rd1+ 58. Kc3 Rxd4 59. Kxd4 Rd7+ 60. Bd6 Ne1 61. Rf8+ Kg4 62. c5 Nc2+ 63. Kc3 Ne3 64. b4 Rg7 65. b5 h5 66. Kd4 Nd5 67. c6 h4 68. Kc5 h3 69. Rh8 1-0

[Event "Ceske Budejovice op"]
[Site "Ceske Budejovice"]
[Date "2021.07.06"]
[Round "6"]
[White "Bartos, Jan"]
[Black "Kiani, Kiarash"]
[Result "1/2-1/2"]
[WhiteElo "2130"]
[BlackElo "1988"]
[PlyCount "69"]
[EventDate "2021.07.01"]
[EventType "swiss"]
[EventRounds "9"]
[EventCountry "CZE"]
[SourceTitle "CBM 203 Extra"]
[Source "ChessBase"]
[SourceDate "2021.09.30"]
[SourceVersion "1"]
[SourceVersionDate "2021.09.30"]
[SourceQuality "1"]

1. d4 Nf6 2. Nf3 e6 3. c4 b6 4. g3 Bb7 5. Bg2 Be7 6. 0-0 d5 7. cxd5 exd5 8. Nc3 0-0 9. Ne5 Ne4 10. Nxe4 dxe4 11. Qc2 f5 12. Rd1 Na6 13. Nc6 Bxc6 14. Qxc6 Nb4 15. Qc4+ Qd5 16. Qxd5+ Nxd5 17. g4 g6 18. Bh6 Rf6 19. Bg5 Rd6 20. Bxe7 Nxe7 21. gxf5 gxf5 22. Rac1 c6 23. e3 Kf7 24. f3 exf3 25. Bxf3 Rad8 26. Rf1 Rf6 27. Rc4 Nd5 28. Bxd5+ Rxd5 29. Rfc1 Rdd6 30. R1c2 Rde6 31. R4c3 f4 32. exf4 Rxf4 33. Rxc6 Rxc6 34. Rxc6 Rxd4 35. Rc7+ 1/2-1/2

[Event "Ceske Budejovice op"]
[Site "Ceske Budejovice"]
[Date "2021.07.03"]
[Round "3"]
[White "Kiani, Kiarash"]
[Black "Soural, Jan"]
[Result "1-0"]
[WhiteElo "1988"]
[BlackElo "2236"]
[PlyCount "117"]
[EventDate "2021.07.01"]
[EventType "swiss"]
[EventRounds "9"]
[EventCountry "CZE"]
[SourceTitle "CBM 203 Extra"]
[Source "ChessBase"]
[SourceDate "2021.09.30"]
[SourceVersion "1"]
[SourceVersionDate "2021.09.30"]
[SourceQuality "1"]

1. Nf3 Nf6 2. b3 c5 3. Bb2 e6 4. e3 b6 5. d4 Bb7 6. Nbd2 Be7 7. Bd3 d5 8. 0-0 0-0 9. Ne5 Nbd7 10. f4 Ne4 11. Nxe4 dxe4 12. Bc4 cxd4 13. Nxd7 Qxd7 14. Qxd4 Qxd4 15. Bxd4 Rac8 16. Rf2 Rfd8 17. Bf1 Bc5 18. Bxc5 bxc5 19. c4 Kf8 20. Rb2 a5 21. a3 Bc6 22. Kf2 Rb8 23. Rab1 Ke7 24. g4 f5 25. g5 e5 26. Kg3 Ke6 27. h4 g6 28. Be2 Rd7 29. h5 Rdb7 30. h6 Rd8 31. b4 axb4 32. axb4 Rxb4 33. Rxb4 cxb4 34. Rxb4 Rd2 35. Kf2 Kd6 36. Rb8 Ra2 37. Rd8+ Ke6 38. Rh8 exf4 39. exf4 Ra7 40. Ke3 Rd7 41. Re8+ Re7 42. Rxe7+ Kxe7 43. Kd4 Ba4 44. c5 Bb3 45. Ke5 Bc2 46. c6 Bd3 47. Bd1 e3 48. c7 Ba6 49. Be2 Bc8 50. Bc4 Be6 51. Kd4 e2 52. Bxe2 Kd6 53. Ba6 Kxc7 54. Ke5 Bb3 55. Kf6 Kd8 56. Bb5 Bd5 57. Kg7 Ke7 58. Kxh7 Kf7 59. Be8+ 1-0

[Event "Pardubice Kraj op-G"]
[Site "Pardubice"]
[Date "2020.09.24"]
[Round "8"]
[White "Kiani, Kiarash"]
[Black "Kutek, Jiri"]
[Result "1-0"]
[WhiteElo "1958"]
[BlackElo "1438"]
[PlyCount "49"]
[EventDate "2020.09.23"]
[EventType "swiss (rapid)"]
[EventRounds "9"]
[EventCountry "CZE"]
[SourceTitle "CBM 198 Extra"]
[Source "ChessBase"]
[SourceDate "2020.11.30"]
[SourceVersion "1"]
[SourceVersionDate "2020.11.30"]
[SourceQuality "1"]

1. e4 e5 2. Nf3 Nc6 3. Nc3 Nf6 4. d4 exd4 5. Nd5 d6 6. Nxd4 Nxd5 7. exd5 Ne7 8. Qf3 h6 9. Bd3 Bd7 10. 0-0 g6 11. Qf6 Rg8 12. Re1 Bg7 13. Qf4 g5 14. Qe4 Kf8 15. c4 Ng6 16. Bd2 Ne5 17. Bc3 a6 18. Re2 Bf6 19. Rae1 Nxd3 20. Qxd3 Kg7 21. Qf3 Be5 22. Nf5+ Bxf5 23. Bxe5+ dxe5 24. Qxf5 f6 25. h4 1-0